Histoire sincere de la nation française (Record no. 140538)

MARC details
000 -LEADER
campo de control de longitud fija 00593nam a2200181 4500
001 - NÚMERO DE CONTROL
campo de control 140538
003 - IDENTIFICADOR DE NÚMERO DE CONTROL
campo de control ES-MaACL
005 - FECHA Y HORA DE LA ÚLTIMA TRANSACCIÓN
campo de control 20230906200111.0
007 - CAMPO FIJO DE DESCRIPCIÓN FÍSICA--INFORMACIÓN GENERAL
campo de control de longitud fija t|
008 - DATOS DE LONGITUD FIJA--INFORMACIÓN GENERAL
campo de control de longitud fija 070214s1933 fr r ||||1| fre d
080 ## - NÚMERO DE LA CLASIFICACIÓN DECIMAL UNIVERSAL
Número de la Clasificación Decimal Universal 008(44)(09)
100 1# - ENTRADA PRINCIPAL--NOMBRE DE PERSONA
Nombre de persona Seignobos, Charles (
Fechas asociadas al nombre 1854-1942)
9 (RLIN) 105259
245 10 - MENCIÓN DEL TÍTULO
Título Histoire sincere de la nation française
Resto del título : essai d'une histoire de l'evolution du peuple français /
Mención de responsabilidad, etc. Charles Seignobos.
250 ## - MENCION DE EDICION
Mención de edición 19ème éd.
260 ## - PUBLICACIÓN, DISTRIBUCIÓN, ETC.
Lugar de publicación, distribución, etc. Paris :
Nombre del editor, distribuidor, etc. Presses Universitaires de France,
Fecha de publicación, distribución, etc. 1933.
300 ## - DESCRIPCIÓN FÍSICA
Extensión XII, 520 p. ;
Dimensiones 19 x 12 cm.
852 ## - LOCALIZACIÓN
Ubicación ES-MaACL
Número de control de estantería B-12857
Holdings
Estatus retirado Estado de pérdida Estado de daño No para préstamo Biblioteca de origen Biblioteca actual Ubicación en estantería Fecha de adquisición Fuente de adquisición Total de préstamos Signatura topográfica completa Código de barras Visto por última vez Precio de reemplazo Tipo de ítem Koha
        Biblioteca del Ateneo de Madrid Biblioteca del Ateneo de Madrid Sala Pardo Bazán 17/01/2008     B-12857 1146247 23/02/2023 23/02/2023 Libro impreso